| 000 | 00928nam a22002055i 4500 | ||
|---|---|---|---|
| 001 | 156172 | ||
| 003 | ES-MaACL | ||
| 005 | 20230906210334.0 | ||
| 008 | 020423s1896 sp |||| | spa d | ||
| 040 |
_aCAM _bspa _cCAM |
||
| 100 | 1 |
_aJackson Veyán, José. _965824 |
|
| 245 | 1 | 0 |
_aEnsalada rusa _b: desfile cómico-lírico en un acto y dos cuadros / _clibro de José Jackson Veyán; música de los maestros Rubio y Estellés. |
| 260 |
_aMadrid : _b[s.n.], _c1896 ( _fR. Velasco) |
||
| 300 |
_a40 p. ; _c20 cm. |
||
| 500 | 1 | _aRepresentada en el teatro Romea, el 21 de octubre de 1896. | |
| 596 | 1 | _aEn verso de antep. consta: "... de las Galerías Biblioteca lírico-dramática y Teatro cómico, de Arregui y Aruej ..." | |
| 700 | 1 | 1 |
_aRubio, Angel, _emús. _9100337 |
| 700 | 1 | 1 |
_aEstellés, Ramón, _emús. _9126973 |
| 852 |
_aES-MaACL _jF-4091(15) _z-- Enc. hol. _q-- Falto de la cub. original _z-- Enc. en un vol. facticio |
||
| 999 |
_c156172 _d156172 |
||